<?xml version="1.0" encoding="UTF-8"?>
<record
    xmlns:xsi="http://www.w3.org/2001/XMLSchema-instance"
    xsi:schemaLocation="http://www.loc.gov/MARC21/slim http://www.loc.gov/standards/marcxml/schema/MARC21slim.xsd"
    xmlns="http://www.loc.gov/MARC21/slim">

  <leader>00420    a2200145   4500</leader>
  <datafield tag="082" ind1=" " ind2=" ">
    <subfield code="a">629.8 SHA</subfield>
  </datafield>
  <datafield tag="090" ind1=" " ind2=" ">
    <subfield code="c">37788</subfield>
    <subfield code="d">37788</subfield>
  </datafield>
  <datafield tag="100" ind1=" " ind2=" ">
    <subfield code="a">Bahram Shahain ; Michael Hassul</subfield>
  </datafield>
  <datafield tag="245" ind1=" " ind2=" ">
    <subfield code="a">Control System Design Using Matlab, 1st Ed</subfield>
    <subfield code="c">Bahram Shahain ; Michael Hassul</subfield>
  </datafield>
  <datafield tag="250" ind1=" " ind2=" ">
    <subfield code="a">1</subfield>
  </datafield>
  <datafield tag="260" ind1=" " ind2=" ">
    <subfield code="a">USA</subfield>
    <subfield code="b">P.H</subfield>
    <subfield code="c">1993</subfield>
  </datafield>
  <datafield tag="300" ind1=" " ind2=" ">
    <subfield code="a">503 p. ( 80 copies)</subfield>
    <subfield code="b">photocopy</subfield>
  </datafield>
  <datafield tag="500" ind1=" " ind2=" ">
    <subfield code="a">BE textbook Avionics</subfield>
  </datafield>
  <datafield tag="942" ind1=" " ind2=" ">
    <subfield code="a">caenust</subfield>
    <subfield code="k">629.8 SHA</subfield>
  </datafield>
  <datafield tag="999" ind1=" " ind2=" ">
    <subfield code="c">433380</subfield>
    <subfield code="d">433380</subfield>
  </datafield>
  <datafield tag="952" ind1=" " ind2=" ">
    <subfield code="0">0</subfield>
    <subfield code="1">0</subfield>
    <subfield code="4">0</subfield>
    <subfield code="7">0</subfield>
    <subfield code="a">CAE</subfield>
    <subfield code="b">CAE </subfield>
    <subfield code="d">2018-03-29</subfield>
    <subfield code="l">0</subfield>
    <subfield code="o">629.8 SHA</subfield>
    <subfield code="p">CAE70599</subfield>
    <subfield code="r">2018-03-29</subfield>
    <subfield code="w">2018-03-29</subfield>
    <subfield code="y">BK</subfield>
  </datafield>
  <datafield tag="952" ind1=" " ind2=" ">
    <subfield code="0">0</subfield>
    <subfield code="1">0</subfield>
    <subfield code="4">0</subfield>
    <subfield code="7">0</subfield>
    <subfield code="a">CAE</subfield>
    <subfield code="b">CAE </subfield>
    <subfield code="d">2018-03-29</subfield>
    <subfield code="l">0</subfield>
    <subfield code="o">629.8 SHA</subfield>
    <subfield code="p">CAE70600</subfield>
    <subfield code="r">2018-03-29</subfield>
    <subfield code="w">2018-03-29</subfield>
    <subfield code="y">BK</subfield>
  </datafield>
  <datafield tag="952" ind1=" " ind2=" ">
    <subfield code="0">0</subfield>
    <subfield code="1">0</subfield>
    <subfield code="4">0</subfield>
    <subfield code="7">0</subfield>
    <subfield code="a">CAE</subfield>
    <subfield code="b">CAE </subfield>
    <subfield code="d">2018-03-29</subfield>
    <subfield code="l">0</subfield>
    <subfield code="o">629.8 SHA</subfield>
    <subfield code="p">CAE70550</subfield>
    <subfield code="r">2018-03-29</subfield>
    <subfield code="w">2018-03-29</subfield>
    <subfield code="y">BK</subfield>
  </datafield>
  <datafield tag="952" ind1=" " ind2=" ">
    <subfield code="0">0</subfield>
    <subfield code="1">0</subfield>
    <subfield code="4">0</subfield>
    <subfield code="7">0</subfield>
    <subfield code="a">CAE</subfield>
    <subfield code="b">CAE </subfield>
    <subfield code="d">2018-03-29</subfield>
    <subfield code="l">0</subfield>
    <subfield code="o">629.8 SHA</subfield>
    <subfield code="p">CAEG-3837</subfield>
    <subfield code="r">2018-03-29</subfield>
    <subfield code="w">2018-03-29</subfield>
    <subfield code="y">BK</subfield>
  </datafield>
  <datafield tag="952" ind1=" " ind2=" ">
    <subfield code="0">0</subfield>
    <subfield code="1">0</subfield>
    <subfield code="4">0</subfield>
    <subfield code="7">0</subfield>
    <subfield code="a">CAE</subfield>
    <subfield code="b">CAE </subfield>
    <subfield code="d">2018-03-29</subfield>
    <subfield code="l">0</subfield>
    <subfield code="o">629.8 SHA</subfield>
    <subfield code="p">CAE70549</subfield>
    <subfield code="r">2018-03-29</subfield>
    <subfield code="w">2018-03-29</subfield>
    <subfield code="y">BK</subfield>
  </datafield>
  <datafield tag="952" ind1=" " ind2=" ">
    <subfield code="0">0</subfield>
    <subfield code="1">0</subfield>
    <subfield code="4">0</subfield>
    <subfield code="7">0</subfield>
    <subfield code="a">CAE</subfield>
    <subfield code="b">CAE </subfield>
    <subfield code="d">2018-03-29</subfield>
    <subfield code="l">0</subfield>
    <subfield code="o">629.8 SHA</subfield>
    <subfield code="p">CAE70595</subfield>
    <subfield code="r">2018-03-29</subfield>
    <subfield code="w">2018-03-29</subfield>
    <subfield code="y">BK</subfield>
  </datafield>
  <datafield tag="952" ind1=" " ind2=" ">
    <subfield code="0">0</subfield>
    <subfield code="1">0</subfield>
    <subfield code="4">0</subfield>
    <subfield code="7">0</subfield>
    <subfield code="a">CAE</subfield>
    <subfield code="b">CAE </subfield>
    <subfield code="d">2018-03-29</subfield>
    <subfield code="l">0</subfield>
    <subfield code="o">629.8 SHA</subfield>
    <subfield code="p">CAE70587</subfield>
    <subfield code="r">2018-03-29</subfield>
    <subfield code="w">2018-03-29</subfield>
    <subfield code="y">BK</subfield>
  </datafield>
  <datafield tag="952" ind1=" " ind2=" ">
    <subfield code="0">0</subfield>
    <subfield code="1">0</subfield>
    <subfield code="4">0</subfield>
    <subfield code="7">0</subfield>
    <subfield code="a">CAE</subfield>
    <subfield code="b">CAE </subfield>
    <subfield code="d">2018-03-29</subfield>
    <subfield code="l">0</subfield>
    <subfield code="o">629.8 SHA</subfield>
    <subfield code="p">CAE70556</subfield>
    <subfield code="r">2018-03-29</subfield>
    <subfield code="w">2018-03-29</subfield>
    <subfield code="y">BK</subfield>
  </datafield>
  <datafield tag="952" ind1=" " ind2=" ">
    <subfield code="0">0</subfield>
    <subfield code="1">0</subfield>
    <subfield code="4">0</subfield>
    <subfield code="7">0</subfield>
    <subfield code="a">CAE</subfield>
    <subfield code="b">CAE </subfield>
    <subfield code="d">2018-03-29</subfield>
    <subfield code="l">0</subfield>
    <subfield code="o">629.8 SHA</subfield>
    <subfield code="p">CAE70564</subfield>
    <subfield code="r">2018-03-29</subfield>
    <subfield code="w">2018-03-29</subfield>
    <subfield code="y">BK</subfield>
  </datafield>
  <datafield tag="952" ind1=" " ind2=" ">
    <subfield code="0">0</subfield>
    <subfield code="1">0</subfield>
    <subfield code="4">0</subfield>
    <subfield code="7">0</subfield>
    <subfield code="a">CAE</subfield>
    <subfield code="b">CAE </subfield>
    <subfield code="d">2018-03-29</subfield>
    <subfield code="l">0</subfield>
    <subfield code="o">629.8 SHA</subfield>
    <subfield code="p">CAE70566</subfield>
    <subfield code="r">2018-03-29</subfield>
    <subfield code="w">2018-03-29</subfield>
    <subfield code="y">BK</subfield>
  </datafield>
  <datafield tag="952" ind1=" " ind2=" ">
    <subfield code="0">0</subfield>
    <subfield code="1">0</subfield>
    <subfield code="4">0</subfield>
    <subfield code="7">0</subfield>
    <subfield code="a">CAE</subfield>
    <subfield code="b">CAE </subfield>
    <subfield code="d">2018-03-29</subfield>
    <subfield code="l">0</subfield>
    <subfield code="o">629.8 SHA</subfield>
    <subfield code="p">CAE70582</subfield>
    <subfield code="r">2018-03-29</subfield>
    <subfield code="w">2018-03-29</subfield>
    <subfield code="y">BK</subfield>
  </datafield>
  <datafield tag="952" ind1=" " ind2=" ">
    <subfield code="0">0</subfield>
    <subfield code="1">0</subfield>
    <subfield code="4">0</subfield>
    <subfield code="7">0</subfield>
    <subfield code="a">CAE</subfield>
    <subfield code="b">CAE </subfield>
    <subfield code="d">2018-03-29</subfield>
    <subfield code="l">0</subfield>
    <subfield code="o">629.8 SHA</subfield>
    <subfield code="p">CAE70557</subfield>
    <subfield code="r">2018-03-29</subfield>
    <subfield code="w">2018-03-29</subfield>
    <subfield code="y">BK</subfield>
  </datafield>
  <datafield tag="952" ind1=" " ind2=" ">
    <subfield code="0">0</subfield>
    <subfield code="1">0</subfield>
    <subfield code="4">0</subfield>
    <subfield code="7">0</subfield>
    <subfield code="a">CAE</subfield>
    <subfield code="b">CAE </subfield>
    <subfield code="d">2018-03-29</subfield>
    <subfield code="l">0</subfield>
    <subfield code="o">629.8 SHA</subfield>
    <subfield code="p">CAE70558</subfield>
    <subfield code="r">2018-03-29</subfield>
    <subfield code="w">2018-03-29</subfield>
    <subfield code="y">BK</subfield>
  </datafield>
</record>
